000 00680cam a2200241 a 4500
001 4699802
008 821201s1982 enk b 001 0 eng
010 _a 82106532
020 _a0582295807
040 _aDLC
_cCUZ
_dCUZ
_beng
_erda
050 0 0 _aHD6483
_bJAC
100 1 _aJackson, Michael Peart.
245 1 0 _aTrade unions /
_cMichael P. Jackson.
264 _aLondon ;
_aNew York :
_bLongman,
_c1982.
300 _avii, 197 pages. ;
_c20 cm.
336 _atext
_btxt
337 _aunmediated
_bn
338 _2rdacarrier
500 _aIncludes index.
650 0 _aLabor unions.
942 _cOS
999 _c44748
_d44748